Chili. Le Chili, L'Araucanie, Le Détroit de Magellan et retour par le Sénégal
Guardat en:
| Autor principal: | |
|---|---|
| Format: | Llibre |
| Idioma: | francès |
| Publicat: |
París
E. Plon et Cie
1882
|
| Edició: | 1a. ed |
| Matèries: | |
| Etiquetes: |
Afegir etiqueta
Sense etiquetes, Sigues el primer a etiquetar aquest registre!
|
MARC
| LEADER | 00000nam a2200000 a 4500 | ||
|---|---|---|---|
| 001 | UCJ3810 | ||
| 003 | CL-VaPUC | ||
| 008 | 070124e18820000FR |||||||||||||||||fre|d | ||
| 082 | 0 | 4 | |a 910.4 |b ROB |2 21 |
| 100 | 0 | |a Robiano, Eugenio de |e author |9 506180 | |
| 245 | 1 | 0 | |a Chili. Le Chili, L'Araucanie, Le Détroit de Magellan et retour par le Sénégal |
| 250 | |a 1a. ed | ||
| 300 | |a 267 p | ||
| 942 | |c BK | ||
| 945 | |d 20070124 00:00:00 |a rinostro | ||
| 260 | |a París |b E. Plon et Cie |c 1882 | ||
| 500 | |a El relato nos indica que el viajero no sólo pasó por Chile, sino que se detuvo, observó y convivió con su gente | ||
| 650 | 0 | |a Viajes |9 257115 | |
| 650 | 0 | |a Geografía de Chile |9 268295 | |
| 650 | 0 | |a Recursos naturales |9 255232 | |
| 650 | 0 | |a Minería |9 326008 | |
| 650 | 0 | |a Agricultura |9 255598 | |
| 650 | 0 | |a Guerra de Arauco |9 267618 | |
| 650 | 0 | |a Costumbres y tradiciones |9 268292 | |
| 650 | 0 | |a Etnología |9 258726 | |
| 651 | 7 | |a CHILE |2 CL-VaPUC |9 506181 | |
| 651 | 7 | |a SENEGAL |2 CL-VaPUC |9 356080 | |
| 583 | |a last modification |c 20180612 10:09:45 |k Rodrigo Vera | ||
| 999 | |c 319932 |d 319930 | ||
| 952 | |0 0 |1 0 |4 0 |6 910_400000000000000_ROB_1882 |7 0 |8 X |9 398338 |a FDOBUD |b FDOBUD |d 2019-11-22 |i 100851K |o 910.4 ROB 1882 |p 100851K |r 2019-11-22 |w 2019-11-22 |y BK_X |k BUD | ||